Central Library OPAC University of Rajshahi

আত্ম দর্শন : আগে শরীয়ত পরে মারেফত এই প্রচলিত প্রবাদ সঠিক নহে / (Record no. 39376)

MARC details
000 -LEADER
fixed length control field 00935nam a2200229 a 4500
001 - CONTROL NUMBER
control field 39376
003 - CONTROL NUMBER IDENTIFIER
rucl marc code BD-RjUL
005 - DATE AND TIME OF LATEST TRANSACTION
control field 20211209052958.0
008 - FIXED-LENGTH DATA ELEMENTS--GENERAL INFORMATION
fixed length control field 160410b2013 bg ||||e |||| 00| 0 ben d
020 ## - INTERNATIONAL STANDARD BOOK NUMBER
Terms of availability tk. 150.00
035 ## - SYSTEM CONTROL NUMBER
System control number (BD-RjUL)39489
040 ## - CATALOGING SOURCE
Original cataloging agency BD-RjUL
Language of cataloging ben
Transcribing agency BD-RjUL
041 ## - LANGUAGE CODE
Language code of text/sound track or separate title ben
082 ## - DEWEY DECIMAL CLASSIFICATION NUMBER
Edition number 23
Author mark and year VOA 2013
Classification number 297.5
100 ## - MAIN ENTRY--PERSONAL NAME
Personal name ভোলা, আবুল কালাম
9 (RLIN) 121399
245 ## - TITLE STATEMENT
Title আত্ম দর্শন : আগে শরীয়ত পরে মারেফত এই প্রচলিত প্রবাদ সঠিক নহে /
Statement of responsibility, etc. আবুল কালাম ভোলা
260 ## - PUBLICATION, DISTRIBUTION, ETC. (IMPRINT)
Place of publication, distribution, etc. চট্টগ্রাম :
Name of publisher, distributor, etc. খায়ের মঞ্জিল দরবার শরীফ,
Date of publication, distribution, etc. ২০১৩.
300 ## - PHYSICAL DESCRIPTION
Pagination [১৫], ১৪৬ পৃ. ;
Size ২০ সেমি.
650 ## - SUBJECT ADDED ENTRY--TOPICAL TERM
Topical term or geographic name as entry element ইসলামী দর্শন
9 (RLIN) 121400
Topical term or geographic name as entry element Islamic Ethics
9 (RLIN) 121401
942 ## - ADDED ENTRY ELEMENTS (KOHA)
Source of classification or shelving scheme Dewey Decimal Classification
Koha item type Books
Holdings
Lost status Source of classification or shelving scheme Damaged status Not for loan Collection code Permanent Location Current Location Shelving location Date acquired Source of acquisition Cost, normal purchase price Total Checkouts Full call number Date last seen Copy number Koha item type
  Dewey Decimal Classification   Not For Loan Non-fiction Central Library, University of Rajshahi Central Library, University of Rajshahi Reading Room 12/11/2014 RUCL 150.00   B 297.5 VOA 2013 10/04/2016 C-1 Books
  Dewey Decimal Classification     Non-fiction Central Library, University of Rajshahi Central Library, University of Rajshahi   12/11/2014 RUCL 150.00   B 297.5 VOA 2013 10/04/2016 C-2 Books